الكتاب المعتبر فى الحكمة / (Record no. 7428)
[ view plain ]
| 000 -الفاتح | |
|---|---|
| حقل البيانات ثابتة الطول | 00859nac a22001691u 4500 |
| 008 - عناصر البيانات ثابتة الطول - معلومات عامة | |
| حقل البيانات ثابتة الطول | 100719s1357 xxu||||| |||| 00| 0 ara d |
| 082 ## - رقم تصنيف ديوى العشرى | |
| رقم التصنيف | 160 |
| رقم المادة | م ل ك |
| 100 ## - المدخل الرئيسى - إسم شخصى | |
| الإسم الشخصى | هبة الله ابن علي ابن ملكا |
| 9 (RLIN) | 16485 |
| 245 ## - بيان العنوان | |
| العنوان | الكتاب المعتبر فى الحكمة / |
| بيان المسئوليه,etc | سيد الحكماء أوحد الزمان أبي البركات هبة الله ابن علي ابن ملكا البغدادي |
| 260 ## - PUBLICATION, DISTRIBUTION, ETC. (IMPRINT) | |
| مكان الناشر او الموزع | حيدرآباد : |
| اسم الناشر او الموزع | ادارة جمعية دائرة المعارف العثمانية ، 1357-1358 [1938-1939] |
| تاريخ النشر أو التوزيع | 1357-1358 [1938-1939] |
| 300 ## - الوصف المادى | |
| التعداد | 1 مج ؛ |
| أبعاد الوعاء | 24 سم |
| 505 ## - تبصرة محتويات-الفهرس | |
| تبصرة المحتويات المصاغة | ج1، علم المنطق -- ج2، العلم الطبيعي -- ج3، العلم الإلهي |
| 511 ## - | |
| -- | Catalogued by: Sara |
| 541 ## - تبصرة المصدر المباشر للتزويد | |
| مصدر التزويد | الف باء ؛ |
| طريقة التزويد | شراء ؛ |
| 650 ## - المدخل الاضافى بالموضوع-مصطلح موضوعى | |
| مصطلح موضوعي أو اسم جغرافي كعنصر مدخل | المنطق |
| 9 (RLIN) | 13686 |
| 942 ## - عناصر المدخل الإضافي( كوها) | |
| Koha [default] item type | Book - Borrowing |
| سابقة رقم الطلب | 160 م ل ك |
| مصدر التصنيف او مخطط الترفيف | Dewey Decimal Classification |
| حالة التراجع | حالة الفقد | مصدر التصنيف او خطة الترفيف | حالة تلف | ليس للاعارة | مجموعات كوها | المكان الدائم | المكان الحالي | موقع الترفيف | تاريخ الاكتساب | Source of acquisition | رقم الاستدعاء | الباركود | Date last seen | نوع الوعاء |
|---|---|---|---|---|---|---|---|---|---|---|---|---|---|---|
| Dewey Decimal Classification | Alef-Baa | Central Library | Central Library | Lower Floor | 06/03/2011 | 160 م ل ك | 000008880 | 15/07/2025 | Book - Borrowing |